000 00483nam a22001817a 4500
005 20240321103750.0
008 240314b |||||||| |||| 00| 0 eng d
020 _a97851523697
082 _a616.07
_bMOH-T
100 _aMohan Harsh
245 _aTextbook of Pathology /
_cHarsh Mohan,
250 _a7th ed.
260 _aIndia :
_bJaypee brothers :
_c2015.
300 _axvi ;954p. ;
_bill ;
_c28.5 cm.
500 _ainclude index.
650 _aMedical / Pathology
999 _c35381
_d35381